[Event "Girona-ch"]
[Site "Blanes"]
[Date "2015.??.??"]
[Round "4"]
[White "Lazaro Pujol, Abel"]
[Black "Jimeno San Jose, Luis"]
[Result "1-0"]
[WhiteElo "1727"]
[BlackElo "1684"]
[PlyCount "87"]
[EventDate "2015.09.27"]
[EventType "swiss"]
[EventRounds "9"]
[EventCountry "ESP"]
[SourceTitle "EXT 2017"]
[Source "ChessBase"]
[SourceDate "2016.10.25"]
[SourceVersion "1"]
[SourceVersionDate "2016.10.25"]
[SourceQuality "1"]

1. e4 g6 2. d4 Bg7 3. Nf3 d6 4. Bc4 c6 5. Nc3 Nf6 6. Bd3 0-0 7. Bf4 Nbd7 8. h3 a6 9. 0-0 b5 10. Qd2 c5 11. dxc5 Nxc5 12. Rfe1 Nxd3 13. Qxd3 e5 14. Bg3 Bb7 15. Nd5 Nxd5 16. exd5 Bc8 17. Rad1 Bf5 18. Qe2 Rc8 19. c3 Re8 20. Nh4 Bd7 21. Nf3 Qc7 22. h4 h5 23. Ng5 Bf5 24. f3 e4 25. fxe4 Bg4 26. Nf3 f5 27. Qf2 fxe4 28. Rc1 exf3 29. gxf3 Rf8 30. f4 Qf7 31. Rf1 Qxd5 32. a3 Bh3 33. Rcd1 Qh1+ 34. Kxh1 Bxf1 35. Qxf1 Rcd8 36. Qf2 d5 37. Qb6 Kh7 38. Re1 d4 39. cxd4 Bxd4 40. Qc7+ Bg7 41. Qb7 Kg8 42. Qxa6 Bxb2 43. Qxg6+ Bg7 44. Re7 1-0